| 000 | 00868nam a2200289 a 4500 | ||
|---|---|---|---|
| 001 | 69013 | ||
| 003 | BD-RjUL | ||
| 005 | 20211209081835.0 | ||
| 008 | 170409r19841980nyua b 001 0 eng | ||
| 020 | _a0195034414 | ||
| 020 | _a0195034422 (pbk.) | ||
| 035 | _a(BD-RjUL)69224 | ||
| 040 |
_aDLC _cDLC _dDLC _dBD-RjUL _beng |
||
| 041 | _aeng | ||
| 082 | 0 | 0 |
_a930.1 _223 _bWEP 1984 |
| 100 | 1 |
_aWenke, Robert J. _9204465 |
|
| 245 | 1 | 0 |
_aPatterns in prehistory : _bhumankind's first three million years / _cRobert J. Wenke. |
| 250 | _a2nd ed. | ||
| 260 |
_aNew York : _bOxford University Press, _c1984. |
||
| 300 |
_axii, 500 p. : _bill. ; _c25 cm. |
||
| 500 | _aIncludes index. | ||
| 504 | _aBibliography: p. 451-487. | ||
| 650 | 0 |
_aArchaeology. _9207101 |
|
| 650 | 0 |
_aPrehistoric peoples. _9207102 |
|
| 650 | 0 |
_aAntiquities, Prehistoric. _9204467 |
|
| 942 |
_2ddc _cBK |
||
| 999 |
_c69013 _d69013 |
||